Diferenciácia a hodnotenie pracovníkov celoštátny kurz

Bibliographic Details
Corporate Author: Diferenciácia a hodnotenie pracovníkov (celoštátny kurz) Bratislava, Slovensko) (Author)
Format: Conference Proceeding Book
Language:Slovak
PhysicalDescription:32 strán 30 cm
Published: Bratislava Dom techniky ČSVTS 1990
ISBN:802330013X
Edition:1. vyd.
Subjects:

MARC

LEADER 00000cam a2200000 a 4500
001 vtls001060719
003 SK-MaSNL
005 20260425221742.0
008 240226s1990 xo frn 100 s slo
015 |a SNBA1990/03 
020 |a 802330013X  |q (brožované) 
035 |a SNK000003547 
035 |a urn:nbn:sk:snk-amlhb7 
035 |a urn:nbn:sk:snk-am00bomu 
035 |a 707F1A6D-BBEE-47DB-B079-D4EF3DC90472 
040 |a SNK  |b slo  |c SNK  |e AACR2 
041 0 |a slo 
043 |a e-xo--- 
044 |a xo  |c SK 
072 7 |a 331  |x Práca  |2 konspekt 
072 7 |a 005  |x Manažment. Riadenie  |2 konspekt 
072 7 |a 316.4  |x Sociálne procesy  |2 konspekt 
080 |a 005.962.131  |2 2011 
080 |a 37.091.33  |2 2011 
080 |a (042.3)  |2 2011 
080 |a (062.534)  |2 2011 
080 |a (437.611)  |2 2011 
080 |a 316.4.063.2  |2 2011 
111 2 |a Diferenciácia a hodnotenie pracovníkov (celoštátny kurz)  |d (1990 :  |c Bratislava, Slovensko)  |4 aut  |9 276724 
245 1 0 |a Diferenciácia a hodnotenie pracovníkov  |b celoštátny kurz  |c [kolektív ; zodpovedná pracovníčka Jana Melicherčíková] 
250 |a 1. vyd. 
260 |a Bratislava  |b Dom techniky ČSVTS  |c 1990 
300 |a 32 strán  |c 30 cm 
366 |e 210 kusov 
504 |a Bibliografia na strane 7 
521 |a Pre účastníkov podujatia a pre služobnú potrebu podnikov 
650 0 7 |a diferenciácia  |2 SNKPH  |9 49930 
650 0 7 |a hodnotenie pracovníkov  |2 SNKPH  |9 49962 
650 0 7 |a kurzy  |2 SNKPH  |9 29103 
651 7 |a Bratislava (Slovensko)  |2 SNKPHgeo  |9 14568 
655 7 |a zborníky konferencií  |2 SNKPH  |9 70153 
655 7 |a prednášky  |2 SNKPH  |9 70554 
700 1 |a Melicherčíková, Jana  |4 oth  |9 276647 
852 |a Slovenská národná knižnica 
919 |a 80-233-0013-X 
954 |a odborná, vedecká literatúra pôvodná (slovenská)  |2 lita 
958 |a RK 
958 |a TL 
958 |a OND 
958 |a ZB 
958 |a NB 
958 |a EUIPO 
999 |c 531793  |d 533723 
952 |t P60, <04>, [BOOK], {604}  |a SNK  |b SNK  |y VYP  |7 0  |p 17A0015144  |o snkSB 46202 D1  |0 0  |1 0  |4 0  |d 1996-10-21  |l 0  |r 2004-12-31 00:00:00  |w 2026-02-23 
952 |a SNK  |b SNK  |y PREZ  |7 0  |p 17A0823308  |o snkSB 46202  |i snkKSP 1881/90  |0 0  |1 0  |4 0  |d 2012-07-16  |f 1  |l 0  |r 2025-01-31 00:00:00  |w 2026-02-23 
952 |a SNK  |b SNK  |y PREZ  |7 0  |o B 115  |0 0  |1 0  |4 0  |d 2020-03-03  |l 0  |r 2026-02-23 12:10:44  |w 2026-02-23